Jeppy le Poisson se déguise #2 - Statistiques

Statistiques générales
  • Ce quiz a été pris 22 320 fois
  • Le résultat moyen est 10 sur 15
Statistiques - réponses
Par images Réponse % Correct
Batman
99%
Blanche Neige
97%
Robin des Bois
93%
Harry Potter
92%
Statue de la Liberté
89%
Thor
88%
Sherlock Holmes
78%
Woody
71%
Princesse Leia
67%
Mozart
65%
Popeye
59%
Freddy Krueger
44%
Gandhi
42%
Fred Pierrafeu
30%
Musclor
17%
Aucun quiz correspondant
Distribution des résultats
% des personnes avec chaque résultat
Percentile par nombre de réponses
Votre historique - résultats
Vous n’avez pas pris ce quiz